[Event "Euro Online U2300 Day 2"]
[Site "chess.com INT"]
[Date "2020.05.26"]
[Round "8"]
[White "Yanev, Pavel"]
[Black "Tomilova, Elena"]
[Result "0-1"]
[BlackTitle "WGM"]
[WhiteElo "2267"]
[BlackElo "2353"]
[WhiteFideId "2910756"]
[BlackFideId "4162340"]
[EventDate "2020.05.26"]

1. e4 e6 2. d4 d5 3. Nc3 Nf6 4. Bg5 Bb4 5. e5 h6 6. Bd2 Bxc3 7. Bxc3 Ne4 8. Bd2
c5 9. Nf3 cxd4 10. Nxd4 Nxf2 11. Nb5 Nxd1 12. Nd6+ Kf8 13. Rxd1 Nc6 14. Bb5 Nxe5
15. a3 Kg8 16. Nxc8 Rxc8 17. O-O Qb6+ 0-1

[Event "Euro Online U2300 Day 2"]
[Site "chess.com INT"]
[Date "2020.05.26"]
[Round "8"]
[White "Plaksin, Igor"]
[Black "Krayz, Alexander"]
[Result "1/2-1/2"]
[BlackTitle "IM"]
[WhiteElo "1868"]
[BlackElo "2350"]
[WhiteFideId "34182117"]
[BlackFideId "2802066"]
[EventDate "2020.05.26"]

1. e4 e6 2. d4 d5 3. Bd3 Nf6 4. e5 Nfd7 5. Ne2 c5 6. c3 Nc6 7. Nd2 cxd4 8. cxd4
f6 9. exf6 Nxf6 10. Nf3 Qc7 11. Bf4 Bb4+ 12. Bd2 Bd6 13. O-O O-O 14. Ng3 Bd7 15.
Re1 Rae8 16. Rc1 Qb8 17. Bc3 e5 18. dxe5 Nxe5 19. Nxe5 Bxe5 20. Bxe5 Rxe5 21.
Qd2 1/2-1/2

[Event "Euro Online U2300 Day 2"]
[Site "chess.com INT"]
[Date "2020.05.26"]
[Round "8"]
[White "Upero, Jussi"]
[Black "Terletsky, Oleg"]
[Result "0-1"]
[BlackTitle "IM"]
[WhiteElo "2176"]
[BlackElo "2307"]
[WhiteFideId "504491"]
[BlackFideId "14116774"]
[EventDate "2020.05.26"]

1. e4 e5 2. Nf3 Nc6 3. d4 exd4 4. Nxd4 Nf6 5. Nxc6 bxc6 6. e5 Qe7 7. Qe2 Nd5 8.
c4 Ba6 9. Nd2 O-O-O 10. Qe4 Nb6 11. Be2 d5 12. exd6 Qxe4 13. Nxe4 Bxc4 14. d7+
Rxd7 15. Bg4 Bb4+ 0-1

[Event "Euro Online U2300 Day 2"]
[Site "chess.com INT"]
[Date "2020.05.26"]
[Round "8"]
[White "Dornbusch, Tatiana"]
[Black "Petriashvili, Nikoloz"]
[Result "1/2-1/2"]
[WhiteTitle "WGM"]
[BlackTitle "IM"]
[WhiteElo "2268"]
[BlackElo "2423"]
[WhiteFideId "14107449"]
[BlackFideId "13611216"]
[EventDate "2020.05.26"]

1. d4 Nf6 2. Nf3 g6 3. g3 Bg7 4. Bg2 d5 5. O-O c6 6. c4 O-O 7. b3 a5 8. Bb2 Bf5
9. Nc3 Ne4 10. Nh4 Nxc3 11. Bxc3 Be6 12. Qd3 Nd7 13. e4 dxe4 14. Qxe4 a4 15. Qc2
Nf6 16. Rfd1 axb3 17. Qxb3 b5 18. Bxc6 Bxc4 19. Qb2 1/2-1/2

[Event "Euro Online U2300 Day 2"]
[Site "chess.com INT"]
[Date "2020.05.26"]
[Round "8"]
[White "Schekachikhin, Maksim"]
[Black "Tevzadze, Mariam"]
[Result "1-0"]
[WhiteTitle "IM"]
[WhiteElo "2406"]
[BlackElo "1834"]
[WhiteFideId "24177830"]
[BlackFideId "13605470"]
[EventDate "2020.05.26"]

1. d4 Nf6 2. Bf4 d5 3. e3 e6 4. Nf3 c5 5. c3 Nc6 6. Nbd2 Bd6 7. Bg3 O-O 8. Bb5
Bxg3 9. hxg3 Bd7 10. dxc5 Qa5 11. Bxc6 Bxc6 12. b4 Qc7 13. Qc2 e5 14. g4 g6 15.
g5 Ng4 16. Rh4 Qd7 17. Nb3 d4 18. cxd4 exd4 19. Nbxd4 Rfe8 20. Nxc6 bxc6 21. Rd1
Qe6 22. Rd6 Nxe3 23. fxe3 Qxe3+ 24. Kf1 Re7 25. Qd2 a5 26. Qxe3 Rxe3 27. Rxc6
axb4 28. Rxb4 Rxa2 29. Rc8+ Kg7 30. Rbb8 f6 31. Rc7+ 1-0

[Event "Euro Online U2300 Day 2"]
[Site "chess.com INT"]
[Date "2020.05.26"]
[Round "8"]
[White "Tereladze, Sopiko"]
[Black "Petrova, Irina"]
[Result "1-0"]
[WhiteTitle "WIM"]
[BlackTitle "WIM"]
[WhiteElo "2141"]
[BlackElo "2087"]
[WhiteFideId "13600486"]
[BlackFideId "14124122"]
[EventDate "2020.05.26"]

1. d4 d5 2. Nf3 Nf6 3. Bf4 c5 4. c3 Nc6 5. e3 e6 6. Bd3 Bd6 7. O-O O-O 8. Nbd2
cxd4 9. Bxd6 Qxd6 10. exd4 b6 11. Re1 Bb7 12. Ne5 Ne7 13. f4 Ng6 14. Bxg6 hxg6
15. Re3 b5 16. Rh3 Rfc8 17. Rh8+ Kxh8 18. Nxf7+ Kg8 19. Nxd6 Rc7 20. Nxb7 Rxb7
21. Qe2 Kf7 22. Re1 Re8 23. g4 b4 24. g5 Nh5 25. Nf3 Nxf4 26. Ne5+ Kg8 27. Qg4
Rf8 28. Rf1 bxc3 29. bxc3 Rf5 30. Rxf4 Rb1+ 31. Kg2 Rb2+ 32. Kg3 Rxa2 33. Rxf5
gxf5 34. Qh5 Ra3 35. Qe8+ Kh7 36. g6+ Kh6 37. Kf4 1-0

[Event "Euro Online U2300 Day 2"]
[Site "chess.com INT"]
[Date "2020.05.26"]
[Round "8"]
[White "Ristic, Nenad"]
[Black "Lopez Varela, Pablo"]
[Result "1-0"]
[WhiteTitle "GM"]
[WhiteElo "2332"]
[BlackElo "2177"]
[WhiteFideId "901318"]
[BlackFideId "32092105"]
[EventDate "2020.05.26"]

1. e4 e5 2. Nf3 d6 3. d4 exd4 4. Qxd4 a6 5. Bg5 Nc6 6. Qd2 Be7 7. Bxe7 Ngxe7 8.
Nc3 O-O 9. O-O-O Be6 10. Kb1 b5 11. h4 Bg4 12. h5 h6 13. Be2 Qc8 14. Nd5 Nxd5
15. exd5 Ne7 16. Nd4 Bxe2 17. Qxe2 Re8 18. Qf3 b4 19. g4 Qb7 20. Nf5 a5 21.
Nxe7+ Rxe7 22. g5 hxg5 23. h6 Rae8 24. hxg7 Kxg7 25. Qf5 1-0

[Event "Euro Online U2300 Day 2"]
[Site "chess.com INT"]
[Date "2020.05.26"]
[Round "8"]
[White "Kusa, Jakub"]
[Black "Gheorghiu, Calin"]
[Result "1-0"]
[BlackTitle "FM"]
[WhiteElo "2177"]
[BlackElo "2283"]
[WhiteFideId "395595"]
[BlackFideId "1200305"]
[EventDate "2020.05.26"]

1. e4 c5 2. Nf3 d6 3. d4 cxd4 4. Nxd4 Nf6 5. Nc3 g6 6. g3 Bg7 7. Bg2 O-O 8. O-O
a6 9. a4 Nbd7 10. h3 Qc7 11. Be3 Ne5 12. Nd5 Nxd5 13. exd5 Nc4 14. Bc1 Qb6 15.
c3 Bxd4 16. cxd4 Bf5 17. Bh6 Rfc8 18. Qe2 Nxb2 19. Qxe7 Qxd4 20. Qxd6 Nc4 21.
Qe7 Re8 22. Qxb7 Rab8 23. Qc7 Ne5 24. Rae1 Nd3 25. Rxe8+ Rxe8 26. Qc6 Qe5 27.
Qxa6 Qe2 28. Qf6 Qe5 29. Qxe5 Nxe5 30. a5 Ra8 31. Ra1 1-0

[Event "Euro Online U2300 Day 2"]
[Site "chess.com INT"]
[Date "2020.05.26"]
[Round "8"]
[White "Mostbauer, Florian"]
[Black "Vashchilov, Sergey"]
[Result "0-1"]
[WhiteTitle "FM"]
[WhiteElo "2309"]
[BlackElo "2176"]
[WhiteFideId "1626671"]
[BlackFideId "13506676"]
[EventDate "2020.05.26"]

1. c4 e6 2. g3 Nf6 3. Bg2 d5 4. Nf3 c6 5. b3 a5 6. O-O a4 7. Bb2 a3 8. Bc3 Be7
9. d3 c5 10. Qc1 d4 11. Bd2 O-O 12. Nxa3 Bd7 13. Nc2 Nc6 14. a3 e5 15. b4 Qc7
16. b5 Na5 17. Qb2 b6 18. e3 e4 19. Nfxd4 cxd4 20. Nxd4 exd3 21. Bxa8 Nxc4 22.
Qc3 Rxa8 23. Rfc1 Rc8 24. Qxd3 Ng4 25. Nc6 Bxc6 26. bxc6 Nge5 27. Qe2 Nxd2 0-1

[Event "Euro Online U2300 Day 2"]
[Site "chess.com INT"]
[Date "2020.05.26"]
[Round "8"]
[White "Doric, Nenad"]
[Black "Ogloblin, Nikolay"]
[Result "1-0"]
[WhiteTitle "IM"]
[BlackTitle "IM"]
[WhiteElo "2249"]
[BlackElo "2346"]
[WhiteFideId "14501694"]
[BlackFideId "4139658"]
[EventDate "2020.05.26"]

1. e4 c5 2. Nf3 d6 3. d4 cxd4 4. Qxd4 Nf6 5. e5 dxe5 6. Qxd8+ Kxd8 7. Nxe5 Be6
8. Nc3 Nfd7 9. Bf4 f6 10. Nc4 Bxc4 11. Bxc4 e5 12. Bd2 Nb6 13. Be2 N8d7 14.
O-O-O Bc5 15. Ne4 Be7 16. Ba5 Kc7 17. c4 Rad8 18. b4 Nb8 19. c5 Nc6 20. Nc3 Nd4
21. Nb5+ Nxb5 22. Bxb5 Rxd1+ 23. Rxd1 Rd8 24. Be2 Rxd1+ 25. Kxd1 Bd8 26. b5 Be7
27. cxb6+ axb6 28. Bc3 Bc5 29. f3 Kd6 30. Bd3 g6 31. Be4 Kc7 32. Bd5 h6 33. Ke2
g5 34. Kd3 1-0

[Event "Euro Online U2300 Day 2"]
[Site "chess.com INT"]
[Date "2020.05.26"]
[Round "8"]
[White "Ioannidis, Evgenios"]
[Black "Saveliev, Alexei"]
[Result "1-0"]
[WhiteTitle "IM"]
[BlackTitle "IM"]
[WhiteElo "2401"]
[BlackElo "2352"]
[WhiteFideId "4229274"]
[BlackFideId "24128546"]
[EventDate "2020.05.26"]

1. d4 Nf6 2. c4 e6 3. Nc3 Bb4 4. g3 O-O 5. Bg2 d5 6. Nf3 b6 7. O-O Bb7 8. Ne5 a6
9. Bg5 Be7 10. Rc1 h6 11. Bxf6 Bxf6 12. cxd5 exd5 13. Qb3 c6 14. Rfd1 Re8 15. e4
Bxe5 16. dxe5 Rxe5 17. exd5 c5 18. Re1 Nd7 19. Rxe5 Nxe5 20. Re1 Nd7 21. d6 Bxg2
22. Kxg2 Qf6 23. Re7 Ne5 24. Ne4 Qf5 25. Qd5 1-0

[Event "Euro Online U2300 Day 2"]
[Site "chess.com INT"]
[Date "2020.05.26"]
[Round "8"]
[White "Pham, Khoi"]
[Black "Eren, Ataberk"]
[Result "1-0"]
[BlackTitle "FM"]
[WhiteElo "2048"]
[BlackElo "2321"]
[WhiteFideId "1054988"]
[BlackFideId "6349765"]
[EventDate "2020.05.26"]

1. d4 d5 2. c4 c6 3. Nf3 Nf6 4. Nc3 dxc4 5. g3 Bf5 6. Bg2 e6 7. Ne5 Nbd7 8. Nxc4
Nb6 9. Ne5 Be7 10. e4 Bg6 11. O-O O-O 12. Be3 Nfd7 13. Nxg6 hxg6 14. f4 Nc4 15.
Bf2 Qa5 16. Qe2 Nd6 17. d5 e5 18. Bh3 f5 19. fxe5 Nxe5 20. exf5 Bf6 21. fxg6
Nxg6 22. Be6+ Nf7 23. Qh5 Ne7 24. Ne4 cxd5 25. Nxf6+ gxf6 26. Bd4 Qd2 27. Rf4 1-0

[Event "Euro Online U2300 Day 2"]
[Site "chess.com INT"]
[Date "2020.05.26"]
[Round "8"]
[White "Hulka, Valentyn"]
[Black "Samaridis, Konstantinos"]
[Result "0-1"]
[WhiteElo "1892"]
[BlackElo "2105"]
[WhiteFideId "34107061"]
[BlackFideId "4262867"]
[EventDate "2020.05.26"]

1. e4 e5 2. Nf3 Nc6 3. Bb5 a6 4. Ba4 Nf6 5. O-O Be7 6. Re1 b5 7. Bb3 O-O 8. c3
d5 9. exd5 Nxd5 10. Nxe5 Nxe5 11. Rxe5 c6 12. d4 Bd6 13. Re1 Qh4 14. g3 Qh3 15.
Qf3 Bg4 16. Qg2 Qh5 17. Nd2 Rae8 18. Re4 Bh3 19. Qh1 f5 20. Rxe8 Rxe8 21. Bxd5+
cxd5 22. Qxd5+ Kh8 23. f3 Re1+ 24. Kf2 Qe8 25. Ne4 fxe4 26. f4 Rf1+ 27. Ke2 Be6
28. Qxd6 Bc4+ 29. Kd2 e3+ 30. Kc2 Qe4# 0-1

[Event "Euro Online U2300 Day 2"]
[Site "chess.com INT"]
[Date "2020.05.26"]
[Round "8"]
[White "Han, Yichen"]
[Black "Poghosyan, Suren"]
[Result "1-0"]
[WhiteTitle "FM"]
[BlackTitle "FM"]
[WhiteElo "2307"]
[BlackElo "2275"]
[WhiteFideId "1054430"]
[BlackFideId "13303201"]
[EventDate "2020.05.26"]

1. d4 Nf6 2. Nf3 c5 3. d5 e6 4. Nc3 exd5 5. Nxd5 Nxd5 6. Qxd5 Be7 7. e4 d6 8.
Bc4 O-O 9. Qh5 Nd7 10. Ng5 Bxg5 11. Bxg5 Nf6 12. Qh4 Be6 13. O-O-O Bxc4 14. e5
Be2 15. Rxd6 Qe7 16. Bxf6 gxf6 17. exf6 Qe5 18. Rd5 Qxd5 19. Qg3+ 1-0

[Event "Euro Online U2300 Day 2"]
[Site "chess.com INT"]
[Date "2020.05.26"]
[Round "8"]
[White "Svicevic, Rastko"]
[Black "Khojayan, Vardan"]
[Result "0-1"]
[WhiteTitle "FM"]
[WhiteElo "2215"]
[BlackElo "2266"]
[WhiteFideId "916315"]
[BlackFideId "13303520"]
[EventDate "2020.05.26"]

1. d4 Nf6 2. Bg5 d5 3. Bxf6 gxf6 4. e3 e6 5. g3 f5 6. Bg2 Nd7 7. Ne2 c6 8. Nd2
b6 9. c4 a5 10. O-O Ba6 11. cxd5 cxd5 12. Re1 Bd6 13. Rc1 O-O 14. Nf4 Qf6 15.
Rc6 Qe7 16. Nf3 Rfc8 17. Rxc8+ Rxc8 18. Nd3 f6 19. Bf1 b5 20. Nf4 Nb6 21. Nd2
Nc4 22. Nxc4 bxc4 23. Qa4 Bb4 24. Rc1 Rb8 25. a3 Bb5 26. Qc2 Bd6 27. Bg2 Bd7 28.
Nxd5 exd5 29. Bxd5+ Kg7 30. Bxc4 Qe4 31. Bd3 Qd5 32. Bc4 Qf3 33. Be2 Qb7 34. Bh5
Qd5 35. g4 Rc8 36. Qd2 Rxc1+ 37. Qxc1 Bc6 38. Kf1 Qh1+ 0-1

[Event "Euro Online U2300 Day 2"]
[Site "chess.com INT"]
[Date "2020.05.26"]
[Round "8"]
[White "Laux, Dominik"]
[Black "Trokhymyshyn, Sergii"]
[Result "0-1"]
[WhiteElo "2009"]
[BlackElo "2157"]
[WhiteFideId "12994219"]
[BlackFideId "14135604"]
[EventDate "2020.05.26"]

1. d4 d5 2. Bf4 Nf6 3. e3 e6 4. Nf3 Be7 5. Ne5 Nfd7 6. Bd3 Nxe5 7. dxe5 c5 8. c3
Nc6 9. Nd2 Qb6 10. Qc2 h6 11. e4 Bd7 12. O-O O-O 13. Rab1 Rac8 14. exd5 exd5 15.
Bf5 Bxf5 16. Qxf5 Na5 17. Rfe1 Qe6 18. Qd3 Rfd8 19. Re3 d4 20. Rg3 Nc6 21. Nf3
dxc3 22. Qxc3 Qf5 23. Qc1 Kh7 24. Rh3 Nd4 25. Bxh6 Ne2+ 26. Kh1 Nxc1 0-1

[Event "Euro Online U2300 Day 2"]
[Site "chess.com INT"]
[Date "2020.05.26"]
[Round "8"]
[White "Novikova, Galina"]
[Black "Sedina, Elena"]
[Result "0-1"]
[WhiteTitle "WFM"]
[BlackTitle "IM"]
[WhiteElo "2073"]
[BlackElo "2299"]
[WhiteFideId "4157095"]
[BlackFideId "812153"]
[EventDate "2020.05.26"]

1. e4 e6 2. Nf3 d5 3. e5 c5 4. b4 b6 5. a3 a5 6. b5 Nd7 7. c3 c4 8. d3 cxd3 9.
Bxd3 Ne7 10. O-O Ng6 11. Re1 Bc5 12. g3 O-O 13. h4 f6 14. Qc2 fxe5 15. Bxg6 hxg6
16. Nbd2 e4 17. Nd4 e5 18. Ne6 Qf6 19. Rf1 Qxe6 20. Qb3 Nf6 21. c4 dxc4 22. Nxc4
Bd4 23. Rb1 a4 24. Qc2 Qh3 25. Qxe4 Nxe4 0-1

[Event "Euro Online U2300 Day 2"]
[Site "chess.com INT"]
[Date "2020.05.26"]
[Round "8"]
[White "Bashirli, Nail"]
[Black "Ghukasyan, Siranush"]
[Result "1-0"]
[WhiteTitle "IM"]
[BlackTitle "WIM"]
[WhiteElo "2382"]
[BlackElo "2222"]
[WhiteFideId "13406809"]
[BlackFideId "13300946"]
[EventDate "2020.05.26"]

1. e4 e5 2. Nf3 Nc6 3. Nc3 Nf6 4. Bb5 Nd4 5. Bc4 Bc5 6. O-O O-O 7. d3 d6 8. h3
h6 9. Be3 Nxf3+ 10. Qxf3 Bb6 11. Rad1 Be6 12. Bb3 Nd7 13. Qg3 Bxe3 14. Qxe3 Bxb3
15. axb3 f5 16. exf5 Rxf5 17. Qe4 Rf4 18. Qxb7 Nc5 19. Qd5+ Kh8 20. d4 Nd7 21.
dxe5 Nxe5 22. Rfe1 Qf8 23. Rf1 Re8 24. f3 Rf5 25. Qd2 Rg5 26. f4 1-0

[Event "Euro Online U2300 Day 2"]
[Site "chess.com INT"]
[Date "2020.05.26"]
[Round "8"]
[White "Olsen, Filip Boe"]
[Black "Koskela, Niina"]
[Result "1-0"]
[WhiteTitle "IM"]
[BlackTitle "WGM"]
[WhiteElo "2353"]
[BlackElo "2197"]
[WhiteFideId "1440640"]
[BlackFideId "500755"]
[EventDate "2020.05.26"]

1. d4 Nf6 2. c4 e6 3. Nc3 Bb4 4. e3 O-O 5. Bd3 d5 6. Nf3 c5 7. cxd5 exd5 8. dxc5
Nc6 9. h3 Re8 10. O-O Bxc5 11. b3 a6 12. Bb2 Ba7 13. Rc1 d4 14. exd4 Nxd4 15.
Na4 Nxf3+ 16. Qxf3 Be6 17. Rfd1 Qe7 18. Bxf6 Qxf6 19. Qxf6 gxf6 20. Rc7 b5 21.
Nc5 Bxc5 22. Rxc5 Rec8 23. Rh5 Kf8 24. Bxh7 Rd8 25. Rxd8+ Rxd8 26. Bf5 Rd1+ 27.
Kh2 Rd2 28. Bxe6 fxe6 29. a4 e5 30. axb5 axb5 31. Rh8+ Kf7 32. Rb8 Rd5 33. b4
Kg6 34. Rb6 Kf5 35. f3 Kg5 36. Kg3 f5 37. h4+ Kh5 38. Kh3 f4 39. Re6 e4 40. Rxe4
Rf5 41. Re6 Rd5 42. Rf6 Rd4 43. Rf5+ Kg6 44. Rxb5 Rd2 45. Rc5 Rb2 46. b5 Kf6 47.
Kg4 Rxg2+ 48. Kxf4 Rh2 49. Rc6+ Ke7 50. Kg5 Rg2+ 51. Kh5 Rf2 52. Kg4 Rg2+ 53.
Kh3 Rg1 54. b6 Kd7 55. Rc7+ Kd8 56. Rh7 1-0

[Event "Euro Online U2300 Day 2"]
[Site "chess.com INT"]
[Date "2020.05.26"]
[Round "8"]
[White "Bruil, Rembrandt"]
[Black "Skatchkov, Valery"]
[Result "0-1"]
[WhiteTitle "CM"]
[BlackTitle "FM"]
[WhiteElo "2105"]
[BlackElo "2242"]
[WhiteFideId "1053590"]
[BlackFideId "24195812"]
[EventDate "2020.05.26"]

1. d4 Nf6 2. Nf3 e6 3. Bg5 h6 4. Bxf6 Qxf6 5. e4 d6 6. Nc3 Nd7 7. Qd2 g6 8.
O-O-O Bg7 9. h4 a6 10. e5 Qe7 11. exd6 cxd6 12. Bd3 O-O 13. Ne4 Nf6 14. Rde1 b5
15. h5 Nxh5 16. g4 Nf6 17. g5 hxg5 18. Nexg5 Bb7 19. Qf4 Nh5 20. Rxh5 gxh5 21.
Rh1 Qf6 22. Qg3 Rfe8 23. Rxh5 e5 24. Nh7 Qf4+ 25. Qxf4 exf4 26. Nh4 Be4 27. Bxe4
Rxe4 28. c3 Rae8 29. Ng5 Re1+ 30. Kc2 R1e2+ 31. Kb3 Rxf2 32. Nhf3 f6 0-1

[Event "Euro Online U2300 Day 2"]
[Site "chess.com INT"]
[Date "2020.05.26"]
[Round "8"]
[White "Thorsbro, Peter"]
[Black "Goltseva, Ekaterina"]
[Result "1-0"]
[BlackTitle "FM"]
[WhiteElo "2144"]
[BlackElo "2306"]
[WhiteFideId "1406671"]
[BlackFideId "24173770"]
[EventDate "2020.05.26"]

1. d4 Nf6 2. c4 e6 3. Nf3 d5 4. Nc3 dxc4 5. e4 b5 6. e5 Nd5 7. Nxb5 Nb6 8. Be2
Be7 9. O-O Bb7 10. Be3 Nc6 11. Rc1 O-O 12. Bxc4 Nxc4 13. Rxc4 Ba6 14. Qa4 Bb7
15. Rfc1 a6 16. Na3 Bxa3 17. Qxa3 Ne7 18. Rxc7 Bxf3 19. Qxe7 Bd5 20. b3 Qb8 21.
Bd2 Qb5 22. Bb4 a5 23. Bd6 Rae8 24. Qh4 Qe2 25. Bxf8 Rxf8 26. Rc8 g6 27. Qf6 Bb7
28. Rxf8+ Kxf8 29. Qh8+ Ke7 30. Rc7# 1-0

[Event "Euro Online U2300 Day 2"]
[Site "chess.com INT"]
[Date "2020.05.26"]
[Round "8"]
[White "Godzwon, Iwo"]
[Black "Averyanov, Grigori"]
[Result "1-0"]
[WhiteTitle "FM"]
[WhiteElo "2347"]
[BlackElo "2274"]
[WhiteFideId "21802483"]
[BlackFideId "44150288"]
[EventDate "2020.05.26"]

1. e4 c5 2. Nf3 d6 3. d4 cxd4 4. Nxd4 Nf6 5. Nc3 Nc6 6. Bc4 Bd7 7. O-O Rc8 8. a3
g6 9. h3 Bg7 10. Be3 Ne5 11. Ba2 Nc4 12. Bc1 O-O 13. Qe2 Na5 14. Be3 a6 15. Rfd1
b5 16. Bg5 Nc4 17. Bxc4 Rxc4 18. Qe3 a5 19. Nd5 e6 20. Nxf6+ Bxf6 21. Bxf6 Qxf6
22. c3 b4 23. axb4 axb4 24. Ra7 Bc8 25. Nb5 bxc3 26. bxc3 Qe5 27. Nxd6 Rd8 28.
Qb6 Rxd6 29. Qxd6 Qxd6 30. Rxd6 Rxc3 31. Rd8+ Kg7 32. e5 Rc6 33. Kh2 Ba6 34. Rd6 1-0

[Event "Euro Online U2300 Day 2"]
[Site "chess.com INT"]
[Date "2020.05.26"]
[Round "8"]
[White "Korneevets, Alexander"]
[Black "Toczek, Grzegorz"]
[Result "1-0"]
[WhiteTitle "IM"]
[BlackTitle "FM"]
[WhiteElo "2267"]
[BlackElo "2271"]
[WhiteFideId "13500180"]
[BlackFideId "1106457"]
[EventDate "2020.05.26"]

1. e4 c5 2. Nf3 Nc6 3. Bb5 g6 4. Bxc6 bxc6 5. O-O Bg7 6. c3 Nh6 7. d4 cxd4 8.
cxd4 O-O 9. Nc3 d5 10. e5 f6 11. h3 Nf7 12. Re1 fxe5 13. Nxe5 Nxe5 14. dxe5 Qc7
15. Nxd5 cxd5 16. Qxd5+ Kh8 17. Qxa8 Bb7 18. Qxa7 Qc6 19. f3 Rxf3 20. Re2 Rf5
21. Bd2 Rxe5 22. Qb8+ Qc8 23. Qxc8+ Bxc8 24. Rxe5 Bxe5 25. Bc3 1-0

[Event "Euro Online U2300 Day 2"]
[Site "chess.com INT"]
[Date "2020.05.26"]
[Round "8"]
[White "Ozenir, Ekin Baris"]
[Black "Hansen, Carsten"]
[Result "1/2-1/2"]
[WhiteTitle "IM"]
[BlackTitle "FM"]
[WhiteElo "2309"]
[BlackElo "2270"]
[WhiteFideId "6357415"]
[BlackFideId "1400444"]
[EventDate "2020.05.26"]

1. d4 Nf6 2. Bg5 d5 3. Bxf6 exf6 4. e3 c6 5. c4 dxc4 6. Bxc4 Bd6 7. Nc3 O-O 8.
h3 f5 9. Nf3 Nd7 10. O-O Nf6 11. Qc2 g6 12. a3 a5 13. Rad1 Qe7 14. d5 b5 15. Bb3
b4 16. axb4 axb4 17. Na4 Ba6 18. Rfe1 cxd5 19. Nb6 Rad8 20. Nxd5 Nxd5 21. Bxd5
Rc8 22. Qb3 Rc7 23. e4 fxe4 24. Rxe4 Qf6 25. Bxf7+ Rcxf7 26. Re6 Qf4 27. Rexd6
Be2 28. R1d2 Bxf3 29. Qxf3 Qxf3 30. gxf3 Rxf3 31. R6d3 Rxd3 32. Rxd3 Rf4 33. Kg2
Kg7 34. Kg3 g5 35. Rd5 Kg6 36. f3 h5 37. b3 Kf6 1/2-1/2

[Event "Euro Online U2300 Day 2"]
[Site "chess.com INT"]
[Date "2020.05.26"]
[Round "8"]
[White "Mammadov, Sadig"]
[Black "Basa, Manasvita"]
[Result "0-1"]
[WhiteTitle "FM"]
[WhiteElo "2237"]
[BlackElo "1711"]
[WhiteFideId "13408712"]
[BlackFideId "1060228"]
[EventDate "2020.05.26"]

1. d4 d5 2. c4 e6 3. Nc3 Nf6 4. e3 a6 5. Nf3 dxc4 6. Qa4+ b5 7. Nxb5 Bd7 8. Bxc4
axb5 9. Qxa8 bxc4 10. Ne5 Bb4+ 11. Bd2 Bxd2+ 12. Kxd2 O-O 13. Rhc1 c5 14. Rxc4
cxd4 15. Rxd4 Qb6 16. Qa3 Qc7 17. f4 Qb7 18. Rg1 Bb5 19. Kc1 Rc8+ 20. Kb1 Nc6
21. Nxc6 Qxc6 22. Qc3 Qa6 23. Qd2 h6 24. Rd8+ Rxd8 25. Qxd8+ Kh7 26. g4 Nd5 27.
Qf8 Bd3+ 28. Ka1 Qc4 29. a3 Nxe3 30. g5 Nc2+ 31. Kb1 Nb4+ 0-1

[Event "Euro Online U2300 Day 2"]
[Site "chess.com INT"]
[Date "2020.05.26"]
[Round "8"]
[White "Gevorgyan, Albert"]
[Black "Martinkus, Rolandas"]
[Result "1-0"]
[BlackTitle "FM"]
[WhiteElo "2170"]
[BlackElo "2117"]
[WhiteFideId "13309951"]
[BlackFideId "12800481"]
[EventDate "2020.05.26"]

1. Nf3 d6 2. d4 Bg4 3. Nbd2 Nd7 4. g3 e5 5. Bg2 Ngf6 6. h3 Bh5 7. g4 Bg6 8. O-O
e4 9. Nh4 d5 10. Nxg6 hxg6 11. e3 Bd6 12. c4 c6 13. Qb3 Rb8 14. cxd5 cxd5 15. g5
Bc7 16. gxf6 Nxf6 17. Qa4+ Kf8 18. b3 g5 19. f3 exf3 20. Nxf3 g4 21. Ne5 gxh3
22. Bf3 Kg8 23. Ba3 Nh5 24. Qd7 Qg5+ 25. Qg4 Qxe3+ 26. Kh1 Nf6 27. Qg1 Qh6 28.
Be7 h2 29. Qg2 1-0

[Event "Euro Online U2300 Day 2"]
[Site "chess.com INT"]
[Date "2020.05.26"]
[Round "8"]
[White "Burdalev, Kirill"]
[Black "Zverev, Lev"]
[Result "1/2-1/2"]
[WhiteTitle "FM"]
[BlackTitle "CM"]
[WhiteElo "2394"]
[BlackElo "2087"]
[WhiteFideId "14121913"]
[BlackFideId "24250775"]
[EventDate "2020.05.26"]

1. d4 Nf6 2. Nf3 d5 3. Bf4 e6 4. e3 Bd6 5. Bg3 c5 6. c3 Qc7 7. Nbd2 Nbd7 8. dxc5
Qxc5 9. Bd3 Qc7 10. O-O Bxg3 11. hxg3 e5 12. e4 dxe4 13. Nxe4 Nxe4 14. Bxe4 Nf6
15. Re1 O-O 16. Bc2 Bg4 17. Qe2 e4 18. Bxe4 Rae8 19. Qd3 Nxe4 20. Rxe4 Bf5 21.
Rc4 Qa5 22. Qd2 Be4 23. Rd4 Qh5 24. Qf4 Bc6 25. g4 Qc5 26. Rad1 Qb6 27. Qd2 Qa6
28. c4 Qxa2 29. Qc2 Ba4 30. Qb1 Qxb1 31. Rxb1 Re2 32. Rd2 Rfe8 33. Rxe2 Rxe2 34.
Ra1 Bc6 35. Rxa7 g6 36. b4 Rb2 37. b5 Bxf3 38. gxf3 Rb4 39. Rxb7 Rxc4 40. Kg2 g5
41. Kf1 Rc2 42. b6 Rb2 43. Ke1 Kg7 44. Rb8 Rb3 45. Ke2 Rb2+ 46. Ke3 Rb3+ 47. Ke4
Rb4+ 48. Ke3 Rb3+ 49. Ke2 Rb2+ 50. Ke1 Rb1+ 51. Ke2 Rb2+ 1/2-1/2